Almanach khí tượng thủy văn 1986

Guardat en:
Dades bibliogràfiques
Autor principal: Phân viện Khí tượng thủy văn Tp. HCM.
Format: Llibre
Idioma:Undetermined
Publicat: Thủ Dầu Một Sông Bé 1986
Matèries:
Etiquetes: Afegir etiqueta
Sense etiquetes, Sigues el primer a etiquetar aquest registre!
Thư viện lưu trữ: Trung tâm Học liệu Trường Đại học Cần Thơ
LEADER 00591nam a2200181Ia 4500
001 CTU_10124
008 210402s9999 xx 000 0 und d
082 |a 551.5 
082 |b Ph121 
100 |a Phân viện Khí tượng thủy văn Tp. HCM. 
245 0 |a Almanach khí tượng thủy văn 1986 
245 0 |c Phân viện Khí tượng thủy văn Tp. HCM. 
260 |a Thủ Dầu Một 
260 |b Sông Bé 
260 |c 1986 
650 |a meteorology - periodicity 
904 |i Minh, 961004 
980 |a Trung tâm Học liệu Trường Đại học Cần Thơ